000 00653nam a22002177a 4500
003 UA-OsUOA
001 57210
007 ta
008 20081205b un ||||| |||| 00| 0 ukr d
100 _aПавлів І.
090 _a908
_bП-34
942 _cSA
040 _aUA-OsUOA
_bukr
_cUA-OsUOA
_dUA-OsUOA
245 _aПозитивий досвід Острозької академії вивчає Міністерство внутрішніх справ, аби впровадити в іншіих вузах
300 _aС.7
955 _a0
041 _aukr
080 _a908
773 0 _w57209
650 7 _a908 Краєзнавство
_2UDC
999 _c343289
_d343289